Normal view
MARC view
Entry Topical Term
001 - CONTROL NUMBER
- control field: 10341
003 - CONTROL NUMBER IDENTIFIER
- control field: OSt
005 - DATE AND TIME OF LATEST TRANSACTION
- control field: 20160721141415.0
008 - FIXED-LENGTH DATA ELEMENTS
- fixed length control field: 160721|| aca||aabn | a|a d
040 ## - CATALOGING SOURCE
- Original cataloging agency: OSt
- Transcribing agency: OSt
150 ## - HEADING--TOPICAL TERM
- Topical term or geographic name entry element: Sexually transmited disease
670 ## - SOURCE DATA FOUND
- Source citation: Work cat.: (OSt): Edited by Morse A.Stephen;[et....al.] 10340, Atlas of sexually transmitted diseases and Aids. , 2003.
